Reglamentos de la Ley del Suelo. (Record no. 125920)

MARC details
000 -LEADER
campo de control de longitud fija 00765nam a2200193 i 4500
001 - NÚMERO DE CONTROL
campo de control 125920
003 - IDENTIFICADOR DE NÚMERO DE CONTROL
campo de control ES-MaACL
005 - FECHA Y HORA DE LA ÚLTIMA TRANSACCIÓN
campo de control 20230906192724.0
008 - DATOS DE LONGITUD FIJA--INFORMACIÓN GENERAL
campo de control de longitud fija 070214s1979 sp l |||| | spa d
245 00 - MENCIÓN DEL TÍTULO
Título Reglamentos de la Ley del Suelo.
260 ## - PUBLICACIÓN, DISTRIBUCIÓN, ETC.
Lugar de publicación, distribución, etc. Madrid :
Nombre del editor, distribuidor, etc. Abella,
Fecha de publicación, distribución, etc. 1979.
300 ## - DESCRIPCIÓN FÍSICA
Extensión 2 v. ;
Dimensiones 21 cm.
505 8# - NOTA DE CONTENIDO CON FORMATO
Nota de contenido con formato 1. Reglamento de disciplina urbanística / con la colaboración de Juan Arroyo García - 2. Reglamento de planeamiento urbanístico / con la colaboración de Francisco Chorot Nogales, Francisco Lliset Borrell
650 ## - PUNTO DE ACCESO ADICIONAL DE MATERIA--TÉRMINO DE MATERIA
Término de materia o nombre geográfico como elemento de entrada Derecho urbanístico-
Subdivisión geográfica España.
9 (RLIN) 145987
700 1# - ENTRADA AGREGADA--NOMBRE PERSONAL
Nombre de persona Arroyo García, Juan.
9 (RLIN) 23372
700 1# - ENTRADA AGREGADA--NOMBRE PERSONAL
Nombre de persona Chorot Nogales, Francisco.
9 (RLIN) 38623
700 1# - ENTRADA AGREGADA--NOMBRE PERSONAL
Nombre de persona Lliset Borrell, Francisco.
9 (RLIN) 72791
852 ## - LOCALIZACIÓN
Ubicación ES-MaACL
Número de control de estantería F-2829-30
Holdings
Estatus retirado Estado de pérdida Estado de daño No para préstamo Biblioteca de origen Biblioteca actual Ubicación en estantería Fecha de adquisición Fuente de adquisición Total de préstamos Signatura topográfica completa Código de barras Visto por última vez Precio de reemplazo Tipo de ítem Koha
        Biblioteca del Ateneo de Madrid Biblioteca del Ateneo de Madrid Depósito 2 17/01/2008     F-2829-30 1131167 23/02/2023 23/02/2023 Libro impreso